Design of reinforced concrete structures (IS: 456-2000) / (رقم التسجيلة. 30281)

تفاصيل مارك
000 -الفاتح
حقل البيانات ثابتة الطول 00745nam a22002417a 4500
003 - محدد رقم الضبط
رقم الضبط OSt
005 - وقت وتاريخ اخر تعامل مع التسجيلة
رقم الضبط 20150408114136.0
008 - عناصر البيانات ثابتة الطول - معلومات عامة
حقل البيانات ثابتة الطول 010813c2003 ii a f b 00| 0 eng d
020 ## - الرقم الدولى المعيارى للكتب
الرقم الدولى المعيارى للكتاب 9788123909899
020 ## - الرقم الدولى المعيارى للكتب
الرقم الدولى المعيارى للكتاب 8123909896
040 ## - مصدر الفهرسة
وكالة الفهرسة الأصلية Ma-Un
082 00 - رقم تصنيف ديوى العشرى
رقم الطبعة 22
رقم التصنيف 624.1834
رقم المادة RND
100 1# - المدخل الرئيسى - إسم شخصى
9 (RLIN) 36274
الإسم الشخصى Raju, N. krishna
245 00 - بيان العنوان
العنوان Design of reinforced concrete structures (IS: 456-2000) /
بيان المسئوليه,etc N. Krishna Raju.
250 ## - بيان الطبعة
بيان الطبعة 3rd. ed.
260 ## - PUBLICATION, DISTRIBUTION, ETC. (IMPRINT)
مكان الناشر او الموزع New Delhi :
اسم الناشر او الموزع CBS,
تاريخ النشر أو التوزيع 2003.
300 ## - الوصف المادى
التعداد 290 p. :
تفاصيل ماديه اخرى للوعاء col. ill. ;
أبعاد الوعاء 24 cm.
490 #2 - بيان السلسلة
عنوان السلسلة CBS problems & solutions series
504 ## - تبصرة ببليوجرافية
تبصرة ببليوجرافية,الخ Includes bibliographical references.
650 #0 - المدخل الاضافى بالموضوع-مصطلح موضوعى
مصطلح موضوعي أو اسم جغرافي كعنصر مدخل Structural design
9 (RLIN) 34371
التقسيم الفرعي العام Problems, exercises, etc.
650 #0 - المدخل الاضافى بالموضوع-مصطلح موضوعى
مصطلح موضوعي أو اسم جغرافي كعنصر مدخل Structural engineering
942 ## -
-- ddc
-- BOOK
999 ## -
-- 30281
-- 264781
المقتنيات
حالة الفقد نموذج السعر الفعال حالة تلف ليس للاعارة رقم الطلب رقم النسخة تاريخ الاكتساب Serial Enumeration / chronology الباركود الفرع الرئيسي Date last checked out Date last seen مُعار نوع المادة فى نظام كوها مصدر التصنيف او خطة الترفيف Total Checkouts
  2013-08-04     624.1834 RND 1 2013-08-04 CL 00205819 المكتبة المركزية بالمجمعة (CL) 2023-11-14 2023-11-14 2023-12-14 كتاب Dewey Decimal Classification 3
  2013-08-04     624.1834 RND 2 2013-08-04 CL 00205821 المكتبة المركزية بالمجمعة (CL) 2023-11-12 2023-12-27   كتاب Dewey Decimal Classification 2
  2013-08-04     624.1834 RND 3 2013-08-04 CL 00205820 المكتبة المركزية بالمجمعة (CL) 2023-11-14 2023-12-03   كتاب Dewey Decimal Classification 3